|
|
|
|
| LEADER |
00000nam0a2200000 4500 |
| 001 |
268417 |
| 005 |
20231101234150.0 |
| 010 |
|
|
|a 9785436300085
|
| 035 |
|
|
|a (RuTPU)RU\TPU\book\291568
|
| 090 |
|
|
|a 268417
|
| 100 |
|
|
|a 20140903d2012 m y0rusy50 ca
|
| 101 |
0 |
|
|a rus
|
| 102 |
|
|
|a RU
|
| 105 |
|
|
|a a j 001zy
|
| 200 |
1 |
|
|a Методы решения задач в общем курсе физики. Оптика
|e учебное пособие
|f В. П. Корявов
|
| 210 |
|
|
|a Москва
|c Студент
|d 2012
|
| 215 |
|
|
|a 344 с.
|c ил.
|
| 320 |
|
|
|a Предм. указ.: с. 341-342.
|
| 330 |
|
|
|a В учебном пособии подробно разобраны методы решения задач по курсу оптики. Задачи систематизированы по разделам, каждый из которых предваряется кратким изложением теоретического материала.Для студентов технических вузов, а также преподавателей физики высших и средних учебных заведений.
|
| 606 |
1 |
|
|a Оптика
|2 stltpush
|3 (RuTPU)RU\TPU\subj\67665
|9 83386
|
| 610 |
1 |
|
|a физика
|
| 610 |
1 |
|
|a геометрические задачи
|
| 610 |
1 |
|
|a фотометрия
|
| 610 |
1 |
|
|a формулы Френеля
|
| 610 |
1 |
|
|a световое давление
|
| 610 |
1 |
|
|a монохроматический свет
|
| 610 |
1 |
|
|a квазимонохроматический свет
|
| 610 |
1 |
|
|a пространственная когерентность
|
| 610 |
1 |
|
|a протяженные источники
|
| 610 |
1 |
|
|a свет
|
| 610 |
1 |
|
|a зонные пластинки
|
| 610 |
1 |
|
|a дифракция
|
| 610 |
1 |
|
|a дифракция Фраунгофера
|
| 610 |
1 |
|
|a оптические инструменты
|
| 610 |
1 |
|
|a спектральные приборы
|
| 610 |
1 |
|
|a фурье-оптика
|
| 610 |
1 |
|
|a эффект Доплера
|
| 610 |
1 |
|
|a голография
|
| 610 |
1 |
|
|a поляризованный свет
|
| 610 |
1 |
|
|a кристаллооптика
|
| 610 |
1 |
|
|a нелинейная оптика
|
| 610 |
1 |
|
|a методы решения
|
| 610 |
1 |
|
|a задачи
|
| 610 |
1 |
|
|a учебные пособия
|
| 675 |
|
|
|a 535(075.8)
|v 3
|
| 700 |
|
1 |
|a Корявов
|b В. П.
|g Владимир Павлович
|
| 801 |
|
1 |
|a RU
|b 63413507
|c 20140903
|
| 801 |
|
2 |
|a RU
|b 63413507
|c 20150915
|g RCR
|
| 942 |
|
|
|c BK
|
| 959 |
|
|
|a 122/20140903
|d 2
|e 694,10
|f ЧЗТЛ:1
|f АНЛ:1
|